000 00444pab a2200169 454500
008 180718b2004 xxu||||| |||| 00| 0 eng d
100 _aChatterjee, T.K.
245 _aFinancing higher education: managing resources
260 _c2004
300 _ap.73-76.
362 _a27 Dec
650 _aEducational budgets - India
650 _aHigher education - India
650 _aHigher education
773 _aUniversity News
909 _a63867
999 _c63867
_d63867